[Event "15th ch-EUR Indiv 2014"]
[Site "Yerevan ARM"]
[Date "2014.03.03"]
[Round "1.71"]
[White "Galoyan, Levon"]
[Black "Zhigalko, Andrey"]
[Result "0-1"]
[WhiteTitle "FM"]
[BlackTitle "GM"]
[WhiteElo "2251"]
[BlackElo "2603"]
[WhiteFideId "13302027"]
[BlackFideId "13502247"]
[EventDate "2014.03.03"]

1. d4 Nf6 2. c4 e6 3. Nc3 Bb4 4. e3 O-O 5. Ne2 d5 6. a3 Be7 7. cxd5 exd5 8. Nf4
c6 9. Bd3 a5 10. O-O Re8 11. f3 Bd6 12. Bc2 Qb6 13. e4 Rd8 14. Kh1 dxe4 15. Nxe4
Be7 16. Qd3 g6 17. Be3 Nd5 18. Nxd5 cxd5 19. Ng3 Nc6 20. f4 f5 21. Rfd1 Be6 22.
Ne2 Na7 23. Nc3 Nc8 24. Na4 Qa7 25. Nc5 Bf7 26. Qe2 Nd6 27. g4 b6 28. Nd3 fxg4
29. Qxg4 Rac8 30. Qg2 Nf5 31. Bg1 Be6 32. Qe2 Ng7 33. Nf2 Qc7 34. Rac1 Qxf4 35.
Nd3 Qg4 36. Qg2 Bg5 0-1

[Event "15th ch-EUR Indiv 2014"]
[Site "Yerevan ARM"]
[Date "2014.03.04"]
[Round "2.9"]
[White "Vaganian, Rafael A"]
[Black "Kryvoruchko, Yuriy"]
[Result "0-1"]
[WhiteTitle "GM"]
[BlackTitle "GM"]
[WhiteElo "2570"]
[BlackElo "2706"]
[WhiteFideId "13300016"]
[BlackFideId "14109182"]
[EventDate "2014.03.03"]

1. d4 Nf6 2. Nf3 e6 3. e3 b6 4. Bd3 Bb7 5. O-O d5 6. b3 Bd6 7. Bb2 O-O 8. Ne5 c5
9. Nd2 Nc6 10. a3 Rc8 11. f4 Ne7 12. dxc5 Bxc5 13. Rf3 Nf5 14. Bxf5 exf5 15. b4
Be7 16. Rg3 g6 17. Bd4 Re8 18. h4 h5 19. Nxg6 fxg6 20. Rxg6+ Kf7 21. Rg5 Ng4 22.
Rg7+ Ke6 23. Nf3 Rg8 24. Rh7 Ba6 25. Ng5+ Bxg5 26. hxg5 Rc7 27. Rxh5 Qe8 28. Rh4
Kd7 29. Be5 Kc8 30. Rxg4 fxg4 31. Qxg4+ Rd7 32. Rd1 Kb7 33. Kf2 Bc4 34. Bf6 Rf7
35. Qf5 Qc6 36. Rh1 d4 37. exd4 Be6 38. d5 Bxd5 39. Rh7 Rf8 40. Be5 Rxh7 41.
Qxh7+ Rf7 42. Qd3 Be4 43. Qb3 Rd7 44. Qc3 Qd5 45. Kg3 Qd2 46. Qxd2 Rxd2 47. Kh4
Rxg2 48. Kh5 Bxc2 49. Kh6 Kc6 50. Kg7 Kd5 51. Kf6 b5 52. Bb8 a6 53. Bc7 Rg3 0-1

[Event "15th ch-EUR Indiv 2014"]
[Site "Yerevan ARM"]
[Date "2014.03.04"]
[Round "2.68"]
[White "Ramazian, Arshak"]
[Black "Solak, Dragan"]
[Result "0-1"]
[WhiteTitle "FM"]
[BlackTitle "GM"]
[WhiteElo "2336"]
[BlackElo "2610"]
[WhiteFideId "13301233"]
[BlackFideId "916811"]
[EventDate "2014.03.03"]

1. e4 c5 2. Nf3 e6 3. Nc3 a6 4. d4 cxd4 5. Nxd4 Qc7 6. g3 Bb4 7. Ne2 Be7 8. Bg2
Nc6 9. O-O Nf6 10. a4 O-O 11. h3 b6 12. f4 Bb7 13. g4 d5 14. e5 Ne4 15. Be3 Rfd8
16. Nxe4 dxe4 17. Qc1 Rac8 18. c3 Rd3 19. Bxe4 Na5 20. Bxd3 Qc6 21. Kf2 Bh4+ 22.
Ng3 Qf3+ 23. Ke1 Bxg3+ 24. Bf2 Qxd3 25. Qd1 Bxf2+ 26. Rxf2 Qxh3 27. Qe2 Qh1+ 28.
Qf1 Qh4 29. Rd1 Qxg4 30. Rd6 Qg3 31. Qd3 Qxd3 32. Rxd3 Bd5 33. Rd4 Nc6 34. Rd3
Ne7 35. Rfd2 h5 36. b3 b5 37. axb5 axb5 38. Rb2 h4 39. Kf2 Nf5 40. Kg1 Be4 41.
Rh3 Kh7 42. c4 bxc4 43. Rc3 Bd5 0-1

[Event "15th ch-EUR Indiv 2014"]
[Site "Yerevan ARM"]
[Date "2014.03.04"]
[Round "2.72"]
[White "Hairapetian, Anna"]
[Black "Shomoev, Anton"]
[Result "0-1"]
[WhiteTitle "WIM"]
[BlackTitle "GM"]
[WhiteElo "2188"]
[BlackElo "2581"]
[WhiteFideId "13303554"]
[BlackFideId "4135148"]
[EventDate "2014.03.03"]

1. e4 c5 2. Nf3 d6 3. Bb5+ Nd7 4. O-O Nf6 5. Re1 a6 6. Bd3 g6 7. c3 Bg7 8. Bc2
O-O 9. d4 e5 10. dxe5 dxe5 11. c4 b5 12. Qe2 b4 13. Nbd2 Nh5 14. g3 f5 15. exf5
gxf5 16. Nf1 e4 17. Ng5 Ndf6 18. Be3 Qc7 19. Nh3 Ng4 20. Rad1 Bxb2 21. Nf4 Nxe3
22. fxe3 Nxf4 23. gxf4 Bc3 24. Nd2 Kh8 25. Kh1 Rg8 26. Rf1 Be6 27. Rf2 Rad8 28.
Bb3 Qg7 29. Rff1 Bf7 30. Rg1 Qh6 31. Rxg8+ Rxg8 32. Rg1 Rd8 0-1

[Event "15th ch-EUR Indiv 2014"]
[Site "Yerevan ARM"]
[Date "2014.03.04"]
[Round "2.82"]
[White "Manukyan, Sargis A."]
[Black "Quparadze, Giga"]
[Result "1/2-1/2"]
[BlackTitle "IM"]
[WhiteElo "2123"]
[BlackElo "2507"]
[WhiteFideId "13303970"]
[BlackFideId "13602250"]
[EventDate "2014.03.03"]

1. d4 Nf6 2. c4 e6 3. Nc3 Bb4 4. e3 c5 5. Bd3 d5 6. Ne2 cxd4 7. exd4 dxc4 8.
Bxc4 O-O 9. O-O Nc6 10. Bd3 Be7 11. a3 b6 12. Bg5 Bb7 13. Qd2 Nd5 14. Bxe7 Ncxe7
15. Rfe1 Qd7 16. Rad1 Rfd8 17. Nf4 Nxf4 18. Qxf4 Nd5 19. Nxd5 Qxd5 20. Be4 Qd7
21. Bxb7 Qxb7 22. Rc1 Rd7 23. Rc4 Rad8 24. Rec1 h6 25. h3 Qd5 26. b4 a5 27. bxa5
Qxa5 28. Rc7 Rxc7 29. Rxc7 Rf8 30. Qf3 Qa4 31. Qc3 Qd1+ 32. Kh2 Qe2 33. Kg1 b5
34. Rc8 Rxc8 35. Qxc8+ Kh7 36. Qc3 f5 37. g3 Kg6 38. Qc6 Qd1+ 39. Kg2 Qb3 40.
Qd6 Qc4 41. Qd7 Qe2 42. Qe8+ Kh7 43. Qc6 Kg6 44. Qe8+ Kf6 45. Qf8+ Kg6 46. Qe8+
Kg5 47. Qf7 Qe4+ 48. Kh2 Qe2 49. Qxg7+ Kh5 50. Qf7+ Kg5 1/2-1/2

[Event "15th ch-EUR Indiv 2014"]
[Site "Yerevan ARM"]
[Date "2014.03.04"]
[Round "2.85"]
[White "Saric, Ivan"]
[Black "Karatorossian, David"]
[Result "1-0"]
[WhiteTitle "GM"]
[BlackTitle "IM"]
[WhiteElo "2661"]
[BlackElo "2262"]
[WhiteFideId "14508150"]
[BlackFideId "13300482"]
[EventDate "2014.03.03"]

1. e4 e6 2. d4 d5 3. Nc3 Nf6 4. Bg5 Bb4 5. e5 h6 6. Bc1 Ne4 7. Qg4 g6 8. Ne2 c5
9. a3 Ba5 10. dxc5 Nxc3 11. Nxc3 Bxc3+ 12. bxc3 Bd7 13. Bd3 Qe7 14. O-O Bc6 15.
Be3 Nd7 16. Qd4 Kf8 17. a4 a6 18. h4 Kg7 19. h5 gxh5 20. f4 f5 21. exf6+ Qxf6
22. Qb4 a5 23. Qb2 Qh4 24. Bb5 Kf7 25. Bxc6 bxc6 26. Qb7 Qe7 27. f5 e5 28. Qxc6
Nf6 29. Rab1 Rac8 30. Qa6 Ra8 31. Qd3 Rac8 32. Rb6 Rxc5 33. Re6 Qc7 34. Bxc5
Qxc5+ 35. Kh1 Rg8 36. Rxf6+ Kxf6 37. Qa6+ Kg5 38. Qe6 Rd8 39. Qg6+ Kh4 40. g3+
Kh3 41. Qxh5+ 1-0

[Event "15th ch-EUR Indiv 2014"]
[Site "Yerevan ARM"]
[Date "2014.03.04"]
[Round "2.115"]
[White "Kleinert, Juergen"]
[Black "Shahinyan, David"]
[Result "0-1"]
[BlackTitle "FM"]
[WhiteElo "2000"]
[BlackElo "2356"]
[WhiteFideId "4659180"]
[BlackFideId "13304380"]
[EventDate "2014.03.03"]

1. e4 d6 2. d4 Nf6 3. Nc3 e5 4. dxe5 dxe5 5. Qxd8+ Kxd8 6. Bg5 Be6 7. O-O-O+ Nd7
8. Nf3 Kc8 9. Bh4 h6 10. Bg3 Bd6 11. Bb5 a6 12. Bxd7+ Nxd7 13. a3 b5 14. Nd5 Kb7
15. h3 Rhd8 16. Rhe1 f6 17. Ne3 Nc5 18. Nd2 Bf7 19. Nf5 Bf8 20. f4 Bh5 21. Nf3
Rxd1+ 22. Kxd1 g6 23. Nh4 exf4 24. Bf2 Re8 25. Bxc5 Bxc5 26. Kd2 Bf2 27. Rf1 Bg3
28. Kd3 f5 29. e5 Rf8 30. Kd4 Kc6 31. e6 Kd6 0-1

[Event "15th ch-EUR Indiv 2014"]
[Site "Yerevan ARM"]
[Date "2014.03.05"]
[Round "3.4"]
[White "Ipatov, Alexander"]
[Black "Navara, David"]
[Result "1/2-1/2"]
[WhiteTitle "GM"]
[BlackTitle "GM"]
[WhiteElo "2614"]
[BlackElo "2700"]
[WhiteFideId "14116731"]
[BlackFideId "309095"]
[EventDate "2014.03.03"]

1. d4 Nf6 2. c4 e6 3. Nc3 Bb4 4. e3 O-O 5. Ne2 d5 6. a3 Bd6 7. c5 Be7 8. b4 c6
9. Nf4 b6 10. Nd3 a5 11. Bd2 Ba6 12. Be2 Nbd7 13. O-O Ne4 14. Nxe4 dxe4 15. Nf4
e5 16. Bxa6 Rxa6 17. dxe5 Nxe5 18. bxa5 Nc4 19. Qe2 b5 20. Bb4 Nxa5 21. a4 Nb3
22. Rab1 Nxc5 23. axb5 cxb5 24. Qxb5 Rb6 25. Qc4 Rc6 26. Rfd1 Qa8 27. Nd5 Bd6
28. Bxc5 Rxc5 29. Qxe4 Rd8 30. g3 Bf8 31. Ne7+ Bxe7 32. Qxe7 Rxd1+ 33. Rxd1 Rc8
34. h4 h5 35. Qd7 g6 36. e4 Re8 37. Qd5 Qxd5 38. exd5 Kf8 39. Kg2 Re5 40. f4 Re3
41. d6 Ke8 42. d7+ Kd8 43. f5 gxf5 44. Rd5 Re7 45. Rxf5 Rxd7 46. Rxh5 Ke7 47.
Rh8 Rd3 48. Rh5 Kf8 49. Kh3 Kg7 50. Rg5+ Kh6 51. Kg4 Ra3 52. Kf5 Ra6 53. Rg4 Rb6
54. Ra4 Kg7 55. Ra5 Rb4 56. g4 Rb1 57. Kg5 Rf1 58. Rb5 Rf2 59. Ra5 Rf1 60. Ra7
Rb1 61. h5 Rb5+ 62. Kh4 Rb1 63. Ra6 Rh1+ 64. Kg5 Rf1 65. Ra7 Rf2 66. Ra5 f6+ 67.
Kh4 Rf3 68. Ra7+ Kh6 69. Rf7 Rf1 70. Kg3 Kg5 71. Ra7 Rg1+ 72. Kh3 Rh1+ 73. Kg3
Rg1+ 74. Kf3 Rf1+ 75. Ke2 Rh1 76. Kf3 f5 77. Rg7+ Kf6 78. Rg6+ Kf7 79. Kf4 fxg4
80. Rxg4 1/2-1/2

[Event "15th ch-EUR Indiv 2014"]
[Site "Yerevan ARM"]
[Date "2014.03.05"]
[Round "3.14"]
[White "Minasian, Artashes"]
[Black "Kovalenko, Igor"]
[Result "0-1"]
[WhiteTitle "GM"]
[BlackTitle "GM"]
[WhiteElo "2482"]
[BlackElo "2626"]
[WhiteFideId "13300040"]
[BlackFideId "14117908"]
[EventDate "2014.03.03"]

1. e4 c6 2. d4 d5 3. e5 Bf5 4. Nc3 e6 5. g4 Bg6 6. Nge2 c5 7. h4 h5 8. Nf4 Bh7
9. g5 cxd4 10. Qxd4 Nc6 11. Bb5 Ne7 12. g6 Nxg6 13. Nxh5 Qd7 14. Bxc6 bxc6 15.
Bg5 c5 16. Qe3 Ne7 17. O-O-O Nf5 18. Qf4 Qc6 19. Rd2 Nd4 20. Ng3 Rb8 21. h5 Rb4
22. Qe3 Nf5 23. Nxf5 Bxf5 24. Qf3 Rd4 25. Rg1 g6 26. hxg6 fxg6 27. Rh1 Rxh1+ 28.
Qxh1 Qa6 29. a3 Qc4 30. f4 Rxf4 31. Bxf4 Qxf4 32. Nxd5 exd5 33. Qxd5 Bh6 34.
Qg8+ Ke7 35. Qh7+ Kf8 36. Qh8+ Kf7 37. Qf6+ Kg8 38. Qd8+ Kh7 39. Qe7+ Bg7 40. e6
Bxe6 0-1

[Event "15th ch-EUR Indiv 2014"]
[Site "Yerevan ARM"]
[Date "2014.03.05"]
[Round "3.79"]
[White "Babujian, Levon"]
[Black "Tiraturyan, David"]
[Result "1-0"]
[WhiteTitle "GM"]
[WhiteElo "2491"]
[BlackElo "2201"]
[WhiteFideId "13301993"]
[BlackFideId "13304402"]
[EventDate "2014.03.03"]

1. b3 d6 2. Bb2 e5 3. c4 Nf6 4. e3 Be7 5. Nf3 O-O 6. d4 exd4 7. Nxd4 d5 8. Nc3
c5 9. Nf3 Be6 10. Be2 dxc4 11. bxc4 Nc6 12. O-O Qb6 13. Qc2 Nb4 14. Qb1 Bg4 15.
a3 Nc6 16. Nd5 Nxd5 17. cxd5 Na5 18. Rd1 Bxf3 19. Bxf3 Nc4 20. Ra2 Qh6 21. Ba1
Bd6 22. g3 Rab8 23. Be2 Ne5 24. f4 Ng6 25. e4 Nxf4 26. gxf4 Qxf4 27. Bf1 f5 28.
Rf2 Qxe4 29. Bd3 Qe3 30. Rd2 Rbe8 31. Re2 Qh6 32. Rg2 g6 33. Qb2 Re3 34. Bc4 b5
35. Qh8+ Kf7 36. Qf6+ Kg8 37. Qxd6 bxc4 38. Bf6 Qh3 39. Be5 1-0

[Event "15th ch-EUR Indiv 2014"]
[Site "Yerevan ARM"]
[Date "2014.03.05"]
[Round "3.111"]
[White "Barseghyan, Harutyun"]
[Black "Mikaelyan, Arman"]
[Result "0-1"]
[WhiteElo "2067"]
[BlackElo "2291"]
[WhiteFideId "13304585"]
[BlackFideId "13304852"]
[EventDate "2014.03.03"]

1. d4 d5 2. c4 c6 3. e3 Nf6 4. Nf3 e6 5. b3 c5 6. Bb2 cxd4 7. exd4 Nc6 8. Be2
Be7 9. O-O O-O 10. Nc3 b6 11. Ne5 Bb7 12. cxd5 Nxe5 13. dxe5 Nxd5 14. Nxd5 Bxd5
15. f4 Bc5+ 16. Kh1 Qh4 17. Ba6 Rad8 18. Qe2 Ba8 19. Bc3 Qh3 20. Bb2 Qf5 21.
Rae1 h5 22. Rd1 h4 23. Bd3 Rxd3 24. Rxd3 h3 25. Rg3 hxg2+ 26. Rxg2 Rd8 27. Bc1
g6 28. a3 a5 29. b4 axb4 30. axb4 Bxb4 31. Be3 Qh3 32. f5 exf5 33. Rg1 Bf3 34.
Qc4 Rd1 35. Qc8+ Kh7 0-1